000 00472nam a2200157 i 4500
001 65801
003 ES-MaACL
005 20230906165455.0
007 t|
008 040121s1963 sp ||||1| spa d
100 1 _aFuentes Guerra, Rafael.
_952925
245 1 3 _aLa expansión industrial de Madrid /
_cRafael Fuentes Guerra.
260 _aMadrid :
_b[s.n.,
_c1963] (
_fTip. Artística)
300 _a43 p. :
_bplan., il. ;
_c21 cm.
852 _aES-MaACL
_j2038-F-25
_bR.52538
999 _c65801
_d65801